• 首页
  • 本馆介绍
  • 公告通知
  • 最新文献
  • 馆藏检索
  • 电子资源
  • 读者导购
  • 参考咨询
  • 我的图书馆
  • 登录
  • 详细信息显示
  • 放入我的书架
  • 预约/预借图书
  • 作者相关作品
  • 分类相关作品
  • 丛书相关作品
  • 出版社相关作品

书目信息

  • 表格格式
  • 工作单格式
  • 卡片格式
题名:
中国旅游策划导论
    
 
作者: 欧阳峣 著
分册:  
出版信息: 北京   中国旅游出版社  2005
页数: 256页
开本: 23cm
丛书名:
单 册:
中图分类: F592.1
科图分类:
主题词: 旅游业--策划--中国 , 旅游业 , 策划
电子资源:
ISBN: 7-5032-2712-5
000 00905nam0 2200265 450
001 003029807
005 20091230084349.70
010    @a7-5032-2712-5@dCNY30.00
100    @a20051103d2005 em y0chiy0110 ea
101 0  @achi
102    @aCN@b110000
105    @ay z 000yy
106    @ar
200 1  @a中国旅游策划导论@9zhong guo lv you ce hua dao lun@dThe research of China tourism scheme@f欧阳斌著@zeng
210    @a北京@c中国旅游出版社@d2005
215    @a256页@d23cm
330    @a本书分析了中国旅游策划的现状,指出了中国旅游策划目前面临的问题,提出了一系列的解决方案,并介绍了15个大型旅游项目策划的全过程,披露了11个备战案例。
510 1  @aResearch of China tourism scheme@zeng
606 0  @a旅游业@x策划@y中国
606 0  @a旅游业
606 0  @a策划
690    @aF592.1@v4
701  0 @a欧阳峣@9ou yang yao@f(1962~)@4著
801  0 @aCN@bNLC@c20091230
905    @b20798593-98@dF592.1@e285@f6
    
    中国旅游策划导论=The research of China tourism scheme/欧阳斌著.-北京:中国旅游出版社,2005
    256页;23cm
    
    
    ISBN 7-5032-2712-5:CNY30.00
    本书分析了中国旅游策划的现状,指出了中国旅游策划目前面临的问题,提出了一系列的解决方案,并介绍了15个大型旅游项目策划的全过程,披露了11个备战案例。
●
相关链接 在E读中查询图书 在五车中查询图书 在当当中查询图书 在豆瓣中查询图书


正题名:中国旅游策划导论     索取号:F592.1/285         预约/预借

序号 登录号 条形码 馆藏地/架位号 状态 备注
1 798593   207985938   第一样本阅览室/ [索取号:F592.1/285] 在馆    
2 798594   207985947   第一借阅区/ [索取号:F592.1/285] 在馆    
3 798595   207985956   第一借阅区/ [索取号:F592.1/285] 在馆    
4 798596   207985965   第一借阅区/ [索取号:F592.1/285] 在馆    
5 798597   207985974   第一借阅区/ [索取号:F592.1/285] 在馆    
6 798598   207985983   第一借阅区/ [索取号:F592.1/285] 在馆    
唐山师范学院图书馆 欢迎您!
大连网信软件有限公司© 版权所有